Ius et praxis

Bibliographic Details
Format: Unknown
Language:Spanish
Published: Talca, Chile : Universidad de Talca
Subjects:
Online Access:Acceso restringido

MARC

LEADER 00000ny a22000003n 4500
005 20110510144056.0
008 070206s19uu9999xx p s 0 u spa d
022 |a 0717-2877 
022 |a 0718-0012 
035 |a 2543 
040 |a BUS  |d vLex 
090 |c 1583  |d 1583 
245 3 0 |a Ius et praxis  |h [Recurso electrn̤ico] 
256 |a Servicio en ln̕ea 
260 |a Talca, Chile :  |b Universidad de Talca 
506 1 |a Contenido solo disponible en los productos indicados  |d vLex Global  |d vLex Global (Academic Edition, excluding Law Schools)  |d vLex Global (U.S. Academic Edition, Law Schools)  |d vLex Global (U.S. Academic Edition, excluding Law Schools)  |d vLex Global (Academic Edition, Law Schools) 
650 0 4 |a Derecho  |z Amřica Latina  |x Publicaciones perid̤icas 
740 0 |a vLex Revista (Servicios en ln̕ea) 
843 |a Electrn̤ica. Abierta 
853 |8 1  |i (year)  |j (month)  |k (day) 
856 4 0 |u http://vlex.com/source/2543  |z Acceso restringido 
942 |c REV